| 000 | 00000nas 2200000za 4500 |
| 001 | 9.817443 |
| 003 | CaOODSP |
| 005 | 20221107142500 |
| 007 | cr ||||||||||| |
| 008 | 160511d19591970oncar p oss f000#a0eng|d |
| 040 | |aCaOODSP|beng |
| 043 | |an-cn--- |
| 086 | 1 |aCS52-204E-PDF |
| 245 | 00|aRailway express |h[electronic resource]. |
| 260 | |aOttawa : |bDominion Bureau of Statistics, Public Finance and Transportation Division, Transportation Section, |c1960-[1971]. |
| 310 | |aAnnual |
| 362 | 0 |a1959-1970. |
| 500 | |aDigitized edition from print [produced by Statistics Canada]. |
| 520 | |aOperating revenues and expenses, income tax accruals, equipment inventory, employment and route mileage over land, sea and air of railway express operations in Canada. |
| 550 | |aIssued 1965 by Transportation and Public Utilities Section; 1966-1969 by Transportation and Public Utilities Division, Transportation Section; 1970 by Statistics Canada, Transportation and Public Utilities Division, Transportation Section. |
| 692 | 07|2gccst|aRail transport |
| 692 | 07|2gccst|aRailway networks |
| 710 | 1 |aCanada. |bDominion Bureau of Statistics. |bTransportation and Public Utilities Section. |
| 710 | 1 |aCanada. |bDominion Bureau of Statistics. |bTransportation Section. |
| 710 | 2 |aStatistics Canada.|bTransportation Section. |
| 780 | 00|tExpress statistics for ... |w(CaOODSP)9.817426 |